Laelius de amicitia /

Đã lưu trong:
Chi tiết về thư mục
Tác giả chính: Cicero, Marcus Tullius
Tác giả khác: Paliotti, Guido
Định dạng: Sách
Ngôn ngữ:Tiếng Italy
Được phát hành: Milano : Signorelli, 1977
Loạt:Classici Signorelli. Scrittori latini
Các nhãn: Thêm thẻ
Không có thẻ, Là người đầu tiên thẻ bản ghi này!

MARC

LEADER 00000nam a22000007i 4500
001 IT\ICCU\PBE\0030944
003 ItRI
005 20251010143942.0
008 120613s1977 it |||||| ||||| |||||c
040 |b ita  |c ct 
041 7 |a ita  |2 ISO-639-2 
100 1 |a Cicero, Marcus Tullius  |0 IT\ICCU\CFIV\006643 
245 1 0 |a Laelius de amicitia /  |c M. Tullio Cicerone ; Commentato, con speciale riguardo allo stile, da Guido Paliotti. 
260 |a Milano :  |b Signorelli,  |c 1977 
300 |a 151 p. ;  |c 19 cm 
700 1 |a Paliotti, Guido  |0 IT\ICCU\LIAV\052298 
830 0 |a Classici Signorelli. Scrittori latini  |0 IT\ICCU\BRI\0168253 
942 |2 ddc  |c BK 
952 |0 0  |1 0  |2 ddc  |4 0  |6 B_LCL01CICMALAE11  |7 0  |9 7465  |a MI  |b MI  |d 2011-01-14  |i 6059  |l 0  |o B-LCL01-CICMA-LAE11  |p CDOM6059  |r 2025-07-13 16:28:00  |w 2025-07-13  |y BK 
981 1 |6 z01  |a i   |b xxxe  
982 1 |6 z01  |a n 
999 |c 6162  |d 6162